Statistics for Türkiye'ye Sınırı Olan Ülkeler

Click here to take the quiz!

General Stats

  • This quiz has been taken 2 184 times
  • The average score is 8 of 8

Answer Stats

Sınır UzunluğuÜlke% Correct
206 kmYunanistan
99%
822 kmSuriye
98%
311 kmIrak
97%
499 kmİran
97%
240 kmBulgaristan
96%
268 kmErmenistan
95%
9 kmAzerbaycan
94%
252 kmGürcistan
94%

Score Distribution

Percentile by Number Answered

Percent of People with Each Score

Your Score History

You have not taken this quiz